| 000 | 01575cam a22004337a 4500 | ||
|---|---|---|---|
| 001 | 000092618 | ||
| 003 | CHAP | ||
| 005 | 20220329142856.0 | ||
| 008 | 041126d2004 mx r 00110 spa d | ||
| 010 | _a89084 | ||
| 011 | _a90056 | ||
| 035 | _a100612 | ||
| 040 | _cCHAP | ||
| 090 | _aTesis | ||
| 100 | 0 | 0 |
_aReza Salgado, Juventino. _997104 |
| 245 | 1 | 0 |
_aEstructura comportamiento y rentabilidad del cultivo del limón mexicano en el estado de Guerrero / _c/por Juventino Reza Salgado. |
| 260 |
_aChapingo, Méx. : _bEl autor, _c2004. |
||
| 300 |
_a71 h. : _bcuadros. |
||
| 502 | _aTesis (Ing. Agr. Esp. en Economía Agrícola) - - UACH. División de Ciencias Económico Administrativas | ||
| 590 |
_aALEPH _b10 _c20130110 _lUCH01 _h1501 |
||
| 590 |
_aBATCH-UPD _b10 _c20130110 _lUCH01 _h1616 |
||
| 590 |
_aBATCH-UPD _b10 _c20130410 _lUCH01 _h1011 |
||
| 590 |
_aBATCH-UPD _b10 _c20130914 _lUCH01 _h1725 |
||
| 590 |
_aBATCH-UPD _b10 _c20140324 _lUCH01 _h1446 |
||
| 590 |
_aBATCH-UPD _b10 _c20141002 _lUCH01 _h0823 |
||
| 590 |
_aCONVERSION _b10 _c20130109 _lUCH01 _h1349 |
||
| 590 |
_aE12093SGE _b10 _c20130621 _lUCH01 _h1047 |
||
| 650 | 1 | 4 |
_aLimón _xGuerrero. _966832 |
| 650 | 1 | 4 |
_aLimón _xMercadeo _zMéxico. _966839 |
| 650 | 1 | 4 |
_aLimón _xRendimiento. _966848 |
| 650 | 1 | 4 |
_aLimón _zMéxico. _966855 |
| 856 |
_3Finding aid _uhttp://10.13.5.2/tesis/100612.pdf _zTeclea aquí |
||
| 901 | _aBK | ||
| 905 | _aLilia | ||
| 942 | _cCD | ||
| 942 | _n0 | ||
| 949 |
_aTesis _bBC _cTES _d100612 _eTS1 _h42853 _i100612 _sb |
||
| 949 |
_aTesis _bBC _cTES _d33724000931283 _eTS2 _fc.2 _h42854 _i100612 _sb |
||
| 999 |
_c89084 _d89084 |
||